Statistics for Taylor Swift - I Think He Knows Lyrics

Click here to take the quiz!

General Stats

  • This quiz has been taken 65 times
  • The average score is 319 of 356

Answer Stats

Answer% Correct
a
100%
an
100%
He
100%
he
100%
I
100%
know
100%
knows
100%
my
100%
the
100%
think
100%
Go
97%
go?
97%
Got
97%
got
97%
i'm
97%
im
97%
in
97%
that
97%
down
95%
like
95%
me
95%
on
95%
up
95%
16th
92%
And
92%
and
92%
avenue
92%
Boy
92%
boy
92%
drawing
92%
him
92%
it
92%
man
92%
No
92%
skipping
92%
so
92%
So
92%
tell
92%
to
92%
under
92%
when
92%
you
92%
at
90%
heartbeat
90%
it's
90%
It's
90%
look
90%
one
90%
plans
90%
understand
90%
want
90%
Where
90%
where
90%
architect
87%
attitude
87%
boyish
87%
can
87%
seventeen
87%
am
85%
gotta
85%
his
85%
nobody
85%
oh!
85%
see
85%
understands
85%
with
85%
all
82%
can't
82%
every
82%
He's
82%
sidewalk
82%
Wanna
82%
We
82%
we
82%
ain't
79%
'cause
79%
i'll
79%
mine
79%
soul
79%
what's
79%
gonna
77%
lead
77%
lock
77%
never
77%
obsessed
77%
there
77%
wait
77%
better
74%
bless
74%
Bless
74%
body
74%
drive
74%
footprints
74%
get
74%
good
74%
mean
74%
stay
74%
whisper
74%
dark
72%
eyes
72%
hand
72%
indigo
72%
make
72%
night
72%
ones
72%
alone
69%
around
69%
smile
69%
sparks
69%
stop
69%
thigh
69%
home
67%
won't
67%
follow
64%
he'll
64%
Lyrical
64%
or
64%
stick
64%
hands
62%
makes
62%
myself
59%
cold
56%
glass
56%

Score Distribution

Percentile by Number Answered

Percent of People with Each Score

Your Score History

You have not taken this quiz